000 00292nam a22001337a 4500
008 170616b xxu||||| |||| 00| 0 eng d
020 _a9780521439978
041 _aeng
080 _a32
100 _a20
101 _aSHP
245 _aWITH MALICE TOWARD SOME
_cMARCUS,G.E
942 _2udc
_cBK
999 _c17978
_d17978